Statistics for North American countries in 90 seconds

Click here to take the quiz!

General Stats

  • This quiz has been taken 33 times
  • The average score is 21 of 41

Answer Stats

Answer% Correct
Canada
97%
Mexico
90%
U.S.A.
90%
Saint Lucia
84%
Antigua and Barbuda
81%
Barbados
81%
Cuba
81%
Guatemala
81%
Panama
81%
Panama
81%
Saint Kitts and Nevis
81%
Bahamas
77%
El Salvador
77%
Saint Vincent and the Grenadines
77%
Costa Rica
74%
Dominica
74%
Dominican Republic
74%
Haiti
74%
Honduras
74%
Belize
71%
Nicaragua
71%
Trinidad and Tobago
65%
Grenada
61%
Aruba
35%
Puerto Rico
26%
Anguilla
23%
Curaçao
23%
Martinique
23%
British Virgin Islands
19%
Guadeloupe
19%
Bermuda
16%
Saint Martin
16%
Cayman Islands
13%
Montserrat
13%
Greenland
10%
Turks and Caicos Islands
10%
Caribbean Netherlands
6%
Saint Barthélemy
6%
Sint Maarten
6%
Saint Pierre and Miquelon
3%
United States Virgin Islands
3%

Score Distribution

Percentile by Number Answered

Percent of People with Each Score

Your Score History

You have not taken this quiz